| 000 | 00824nam0a22002291 4500 | ||
|---|---|---|---|
| 001 | rc\2946590 | ||
| 005 | 20250529233205.0 | ||
| 035 | _a(NLR Aleph) 007094657 | ||
| 090 |
_a6609305 _c6609305 |
||
| 100 | _a20110828d1933 |||y0rusy50 ca | ||
| 101 | 0 | _arus | |
| 102 | _aRU | ||
| 105 | _ay z ||||| | ||
| 200 | 1 |
_aЗа высокий урожай хлопчатника _fС. Понятовский _gУзбекский науч.-исслед. ин-т социалист. земледелия при НКЗ УзССР |
|
| 210 |
_aТашкент _cГос. изд-во УзССР _d1933 |
||
| 215 |
_a46, [2] с. _d18 см |
||
| 700 | 1 |
_aПонятовский _bС.В. _gСтанислав Валентинович |
|
| 801 | 0 |
_aRU _bNLR _gpsbo |
|
| 801 | 1 |
_aRU _bELAR _2rusmarc |
|
| 852 |
_aNLR _j34-9/509 |
||
| 942 | _cBOOK | ||
| 980 | _aNB | ||